Datum a čas kvízu

29.5 Celkem bodů Celkový počet nahraných bodů na tomto kvízu bez doplňovacích otázek.
10. Pořadí na kvízu Konečné umístění týmu na tomto kvízu.

Zaznamenané odpovědi

# Otázka Odpověď Body Výsledky
1. "Po ___ společných letech plný... třiceti 1
2. Záplavy minulý týden velmi ztí... Dubaj 1
3. Devětadvacetiletý Nigerijec Tu... hrál šachy 0
4. Abstraktní obraz Conception/Da... František Kupka 0
5. Americké atletky nebyly při př... Nike 1
6. Bolívie má, stejně jako několi... Sucre; La Paz 0.5
7. Které evropské hlavní město se... Oslo 0
8. Zatímco některé země mají hlav... o Nauru 0
9. Které malebné a nepříliš lidna... Lublaň 1
10. Napište, které hlavní město (s... Reykjavík; Wellington 0.5